| 000 | 00667cac a22002051u 4500 | ||
|---|---|---|---|
| 008 | 081108t2004 xxu||||| |||| 00| 0 eng d | ||
| 010 | _a 2003113867 | ||
| 020 | _a0534390978 | ||
| 020 | _a0534465455 | ||
| 035 | _a(DLC) 2003113867 | ||
| 082 |
_a004.21 _bSCH _222 |
||
| 245 | 1 | 0 |
_aInvitation to computer science : _bC++ version / _cG. Michael Schneider, Judith L. Gersting ; Judith L. Gersting |
| 250 | _a3rd ed. | ||
| 260 |
_aBelmont, CA : _bBrooks Cole, _c2004. |
||
| 300 |
_a715 p. ; _c28 cm. |
||
| 650 |
_aComputer science _933366 |
||
| 700 |
_aGersting, Judith L. _933367 |
||
| 700 |
_a Miller, Keith (contributing author) _933368 |
||
| 942 |
_cBB _k004.21 SCH _2ddc |
||
| 999 |
_c365 _d365 |
||